000
00262nam a22000977a 4500
008
240902b |||||||| |||| 00| 0 eng d
020
_a
9781595620026
100
_a
Winesman L Albert
_9
7800
245
_a
Living Your Strengths
260
_a
New York
_b
Gallup Press
_c
2008
999
_c
12646
_d
12646